Любители кошек - Армагеддон - Statistics

General Stats
  • This quiz has been taken 9 times
  • The average score is 2 of 15
Answers on the Grid
Answers color-coded by a green-red scale on the quiz's grid according to % correct below.
Елизавета II
Терри Пратчетт
Стив Джобс
Элвис Пресли
Оскар Уайльд
Михаил Булгаков
Александр Алёхин
Карл Маркс
Сальвадор Дали
Луис Уэйн
Чарли Чаплин
Юрий Гагарин
Сид Барретт
Авраам Линкольн
Франц Кафка
Антон Чехов
Фёдор Достоевский
Эдгар Аллан По
Уинстон Черчилль
Айзек Азимов
Рэй Брэдбери
Альфред Нобель
Гай Юлий Цезарь
Егор Летов
Говард Лавкрафт
Коко Шанель
Боб Марли
Герберт Уэллс
Льюис Кэрролл
Роберт Хайнлайн
 
Answer Stats
Answer % Correct
Рэй Брэдбери
67%
Сальвадор Дали
50%
Егор Летов
33%
Льюис Кэрролл
33%
Авраам Линкольн
17%
Эдгар Аллан По
17%
Уинстон Черчилль
17%
Терри Пратчетт
0%
Михаил Булгаков
0%
Александр Алёхин
0%
Луис Уэйн
0%
Чарли Чаплин
0%
Сид Барретт
0%
Говард Лавкрафт
0%
Роберт Хайнлайн
0%
No matching quizzes found
Score Distribution
Percent of People with Each Score
Percentile by Number Answered
Your Score History
You have not taken this quiz